书目信息 |
| 题名: |
中国的总管家周恩来
|
|
| 作者: | 曹应旺 著 | |
| 分册: | ||
| 出版信息: | 上海 上海人民出版社 2006.01 |
|
| 页数: | 379页 | |
| 开本: | 22cm | |
| 丛书名: | ||
| 单 册: | ||
| 中图分类: | K827=4 , K827=7 | |
| 科图分类: | ||
| 主题词: | 政治家--zheng zhi jia--生平事迹--中国--现代 | |
| 电子资源: | ||
| ISBN: | 7-208-05964-0 | |
| 000 | 01050nam0 2200253 450 | |
| 001 | 012006112093 | |
| 005 | 20060529091354.04 | |
| 010 | @a7-208-05964-0@dCNY40.00 | |
| 100 | @a20060417d2006 km y0chiy0120 ea | |
| 101 | 0 | @achi |
| 102 | @aCN@b310000 | |
| 105 | @aac z 000yd | |
| 200 | 1 | @a中国的总管家周恩来@Azhong guo de zong guan jia zhou en lai@f曹应旺著@Fcao ying wang zhu |
| 210 | @a上海@c上海人民出版社@d2006.01 | |
| 215 | @a379页@c图, 肖像@d22cm | |
| 314 | @a曹应旺,安徽怀宁人。主要著作有《周恩来与治水》、《邓小平的智慧》、《万水千山连着中南海》、《开国财头陈云》。现为中共中央文献研究室研究员、安庆师范学院教授。 | |
| 330 | @a本书如实地反映了周恩来的经济思想和实践,在大量的文章、报告、讲话、批示、文件中,在无数的活动、事例中,作者抓住带有关键性的地方加以论述。 | |
| 600 | 0 | @a周恩来,@Azhou en lai,@f1898-1976@x生平事迹 |
| 606 | 0 | @a政治家@Azheng zhi jia@x生平事迹@y中国@z现代 |
| 690 | @aK827=4@v4 | |
| 690 | @aK827=7@v3 | |
| 701 | 0 | @a曹应旺@Acao ying wang@4著 |
| 801 | 0 | @aCN@bQSSK@c20060529 |
| 905 | @a10447@dK827=7@eC1673 | |
| 中国的总管家周恩来/曹应旺著.-上海:上海人民出版社,2006.01 |
| 379页:图, 肖像;22cm |
| ISBN 7-208-05964-0:CNY40.00 |
| 本书如实地反映了周恩来的经济思想和实践,在大量的文章、报告、讲话、批示、文件中,在无数的活动、事例中,作者抓住带有关键性的地方加以论述。 |
| ● |
| 相关链接 |
|
|
|
正题名:中国的总管家周恩来
索取号:K827=7/C1673
 
预约/预借
| 序号 | 登录号 | 条形码 | 馆藏地/架位号 | 状态 | 备注 |
| 1 | 558085 | 205580851 | 自科二线404/309社科库 58排6列5层/ [索取号:K827=7/C1673] | 在馆 | |
| 2 | 558086 | 205580860 | 自科二线404/309社科库 58排6列5层/ [索取号:K827=7/C1673] | 在馆 | |
| 3 | 558087 | 205580879 | 自科二线404/400A自科库 17排2列1层/ [索取号:K827=7/C1673] | 在馆 | |
| 4 | 604573 | 206045732 | 自科二线404/400A自科库 17排2列1层/ [索取号:K827=7/C1673] | 在馆 | |
| 5 | 604574 | 206045741 | 社科库309/309社科库 58排6列5层/ [索取号:K827=7/C1673] | 在馆 | |
| 6 | 604575 | 206045750 | 社科库309/309社科库 58排6列5层/ [索取号:K827=7/C1673] | 在馆 |